000 01715nam0a2200349 i 4500
001 RU\NLR\BIBL_A\011252227
005 20240921205615.0
010 _a9785839905917
_9200
021 _aRU
_b2016-76988
_95009
035 _a(NILC)RuMoRGB-008642565
035 _a(NLR Aleph) 011252227
090 _a12173713
_c12173713
100 _a20161024d2016 k y0rusy50 ca
101 0 _arus
_deng
102 _aRU
105 _ay|||z|||000
200 1 _aОсновные направления концепции взаимодействия органов государственной власти с болельщиками спортивных клубов и спортсменов на среднесрочный период
_fС. Г. Никитин
210 _aКазань
_cПознание
_d2016
215 _a11 с.
_d21
225 1 _aПрепринт
_fКазанский инновационный ун-т им. В. Г. Тимирясова (ИЭУП)
_v№ 1 за 2016 г.
300 _aНа обл. авт. не указан
300 _aРез. на англ. яз.
333 _a16+
606 1 _aОрганы государственной власти
_xВзаимодействие с общественными объединениями
_yРоссийская Федерация
_92290465
_3RU\NLR\AUTH\661371787
675 _a351/354
686 1 _aХ620.61
700 1 _7ca
_8rus
_aНикитин
_bС. Г.
_cспециалист в обл. уголовного права и процесса
_f1980-
_gСергей Геннадиевич
_9165646
_3RU\NLR\AUTH\770165693
801 0 _aRU
_bРГБ
_c20161007
_gRCR
942 _cBOOK
980 _aNBR